LAUTECH

(Record no. 7061)

MARC details
000 -LEADER
fixed length control field 00265nam a2200097Ia 4500
008 - FIXED-LENGTH DATA ELEMENTS--GENERAL INFORMATION
fixed length control field 120527s9999 xx 000 0 und d
100 ## - MAIN ENTRY--AUTHOR
Author Kalilu,Rom R.O
245 ## - TITLE STATEMENT
Remainder of title Cultism on the Nigerian campus:Perspective from art and history.
260 ## - PUBLICATION, DISTRIBUTION, ETC. (IMPRINT)
Name of publisher SOF and Co.
942 ## - ADDED ENTRY ELEMENTS (KOHA)
Item type Books

No items available.